Poesía 8++ / (Record no. 176607)

MARC details
000 -LEADER
campo de control de longitud fija 00653nam a22002055i 4500
001 - NÚMERO DE CONTROL
campo de control 176607
003 - IDENTIFICADOR DE NÚMERO DE CONTROL
campo de control ES-MaACL
005 - FECHA Y HORA DE LA ÚLTIMA TRANSACCIÓN
campo de control 20240529062952.0
008 - DATOS DE LONGITUD FIJA--INFORMACIÓN GENERAL
campo de control de longitud fija 110126s2010 sp |||| | spa d
020 ## - NÚMERO INTERNACIONAL ESTÁNDAR DEL LIBRO
Número Internacional Estándar del Libro 978-84-613-9556-9
080 ## - NÚMERO DE LA CLASIFICACIÓN DECIMAL UNIVERSAL
Número de la Clasificación Decimal Universal 821.134.2-14"19"
100 0# - ENTRADA PRINCIPAL--NOMBRE DE PERSONA
Nombre de persona Elgarresta, José,
Fechas asociadas al nombre 1945-
9 (RLIN) 46939
245 10 - MENCIÓN DEL TÍTULO
Título Poesía 8++ /
Mención de responsabilidad, etc. José Elgarresta.
260 ## - PUBLICACIÓN, DISTRIBUCIÓN, ETC.
Lugar de publicación, distribución, etc. [Madrid] :
Nombre del editor, distribuidor, etc. Libertad 8 :
-- Absurda Fábula,
Fecha de publicación, distribución, etc. D. L. 2010.
300 ## - DESCRIPCIÓN FÍSICA
Extensión 31 p. ;
Dimensiones 17 cm.
490 1# - MENCIÓN DE SERIE
Mención de serie Hazversidades poéticas ;
Designación de volumen o secuencia 8 de junio
830 0# - PUNTO DE ACCESO ADICIONAL DE SERIE-TÍTULO UNIFORME
Título uniforme Hazversidades poéticas ;
Designación de volumen o secuencia 8 de junio
9 (RLIN) 190178
852 ## - LOCALIZACIÓN
Ubicación ES-MaACL
Número de control de estantería 2270-F-2
Holdings
Estatus retirado Estado de pérdida Estado de daño No para préstamo Colección Biblioteca de origen Biblioteca actual Ubicación en estantería Fecha de adquisición Fuente de adquisición Total de préstamos Signatura topográfica completa Código de barras Visto por última vez Precio de reemplazo Tipo de ítem Koha
        Colección de folletos Biblioteca del Ateneo de Madrid Biblioteca del Ateneo de Madrid Depósito folletos 26/01/2011     2270-F-2 1185468 23/02/2023 23/02/2023 Folleto